000 00351nam a2200169Ia 4500
100 _aSivanandam/S.N
650 _aFuzzy logic
942 _cBK
366 _f25
654 _afuzzy logic
245 _aIntroduction to Fuzzy logic using matlab
260 _bSpringer
_c2007
082 _bSIV
300 _a430
546 _aENGLISH
999 _c28729
_d28729